000 00650nam a2200217 a 4500
001 000022705
005 20200930021741.0
008 101116s1988 sp 000 f spa d
020 _a8423306747
040 _aDO-SdBNP
_bspa
_cBNPHU
082 _a863.64
_bM379b, 1988
100 1 _aMartín Gaite, Carmen,
_d1925-2000.
_910633
245 1 0 _aEl balneario /
_cCarmen Martín Gaite.
250 _a2a ed.
260 _aBarcelona :
_bEdiciones Destino,
_c1988.
300 _a185 p. ;
_c20 cm.
490 1 _aÁncora y delfín
_v515
650 4 _aNovela española
_91123
650 4 _aLiteratura española
_9632
830 0 _aÁncora y delfín ;
_n515
_946671
999 _c22202
_d22202